| 000 | 00331nam a22001097a 4500 | ||
|---|---|---|---|
| 082 | _a621.381 MED'S | ||
| 100 |
_aSYMTH, C. N _980001 |
||
| 245 | _aMEDICAL ELECTRONICS PROCEEDINGS OF THE SECOND INTERNATIONAL CONFERENCE ON MEDICAL ELECTRONICS PARIS 24-27, JUN 1959 | ||
| 260 |
_aLONDON _bILIFFE _c1960 |
||
| 300 | _a614P | ||
| 942 | _cBK | ||
| 999 |
_c584979 _d584979 |
||